000 002930000a22000970004500
100 1 _aMaust, John
245 1 0 _aRiding out the storm : LAMers experience the terror of Andrew
300 _aVol. 72, Num. 4 (Octubre-Diciembre, 1996), Página 13
773 0 _tLatin America Evangelist
942 _cANA
999 _c54671
_d54671